Εγχειρίδιο οργανωτικής για μικρομεσαίους : πώς θα γίνει ανταγωνιστική στην Ε.Ε. η Ελληνική Μικρομεσαία Επιχείρηση

Saved in:
Bibliographic Details
Main Author: Πετρόγιαννης, Δήμος Σ.
Format: Book
Language:Greek
Published: Αθήνα : Κλειδάριθμος, c2005
Subjects:
Tags: Add Tag
No Tags, Be the first to tag this record!

MARC

LEADER 00000cam a2200000 i 4500
001 1/20882
008 051216s2005 gre d
020 |a 960-209-856-2 
035 |l 10081726 
040 |a GR-MY-UA  |b gre  |e aacr 
041 0 |a gre 
082 0 |a 658  |2 (22) 
100 1 |a Πετρόγιαννης, Δήμος Σ. 
245 1 0 |a Εγχειρίδιο οργανωτικής για μικρομεσαίους :  |b πώς θα γίνει ανταγωνιστική στην Ε.Ε. η Ελληνική Μικρομεσαία Επιχείρηση /  |c Δήμος Σ. Πετρόγιαννης 
260 |a Αθήνα :   |b Κλειδάριθμος,   |c c2005 
300 |a 221 σ.;  |b σχ.;  |c 24 εκ. 
504 |a Βιβλιογραφία: σ. 221 
650 0 0 |a Industrial management. 
650 0 0 |a Technological innovations  |x Management. 
650 0 0 |a Quality control. 
650 0 0 |a Personnel management. 
852 |a INST  |b CHIOS  |e 20051216  |h 658 ΠΕΤ  |p 005200024386  |q 005200024386  |t BK  |y 0 
901 |a BIBL2-2005-3 
909 |a Χ  |b 119841 
970 |a ΧΑΖΙΡΗ  |b ΑΝΝΑ  |z 2005/12/16